000 00383 a2200133 4500
005 20250529121223.0
020 _a9987 25 022 7
082 _a334.096 BAN
100 _aBANTURAKI, J. A.
245 _aCooperatives and Poverty Alleviation
260 _aDar-Es-Salaam,
_bTema Publishers Company Ltd,
_c2000.
300 _axxiii, 158p.: ill.; map, picture, table.
_c22cm.
942 _2ddc
_cBKS
999 _c2838
_d2838